书目信息 |
| 题名: |
压力容器安全
|
|
| 作者: | 张礼敬 , 张明广 主编 | |
| 分册: | ||
| 出版信息: | 北京 机械工业出版社 2012 |
|
| 页数: | X, 293页 | |
| 开本: | 24cm | |
| 丛书名: | 高等教育安全科学与工程类系列规划教材 | |
| 单 册: | ||
| 中图分类: | TH490.8 | |
| 科图分类: | ||
| 主题词: | 压力容器安全--ya li rong qi an quan--高等学校--教材 | |
| 电子资源: | ||
| ISBN: | 978-7-111-39295-8 | |
| 000 | 01531nam 2200313 450 | |
| 001 | 012001001347 | |
| 005 | 20131107195327.0 | |
| 010 | @a978-7-111-39295-8@dCNY36.00 | |
| 099 | @aCAL 012012293691 | |
| 100 | @a20121212d2012 em y0chiy50 ea | |
| 101 | 0 | @achi |
| 102 | @aCN@b110000 | |
| 105 | @aak a 000yy | |
| 106 | @ar | |
| 200 | 1 | @a压力容器安全@Aya li rong qi an quan@f主编张礼敬, 张明广 |
| 210 | @a北京@c机械工业出版社@d2012 | |
| 215 | @aX, 293页@c图@d24cm | |
| 225 | 2 | @a高等教育安全科学与工程类系列规划教材@Agao deng jiao yu an quan ke xue yu gong cheng lei xi lie gui hua jiao cai |
| 225 | 2 | @a高等院校安全工程类特色专业系列规划教材@Agao deng yuan xiao an quan gong cheng lei te se zhuan ye xi lie gui hua jiao cai |
| 320 | @a有书目 (第292-293页) | |
| 330 | @a本书介绍了压力容器的设计、制造、安装、检验等方面的技术知识及安全管理知识,并结合大量的压力容器事故实例,阐述了事故发生的原因及压力容器的失效机理,并对容器爆炸等连锁事故开展了定量风险评价。主要内容包括压力容器基础知识、压力容器应力分析、压力容器选材与设计、压力容器制造及检修、压力容器安全装置、压力容器失效形式及安全性分析、压力容器安全管理和压力容器破裂事故调查分析等。 | |
| 410 | 0 | @12001@a高等教育安全科学与工程类系列规划教材 |
| 410 | 0 | @12001@a高等院校安全工程类特色专业系列规划教材 |
| 606 | 0 | @a压力容器安全@Aya li rong qi an quan@x高等学校@j教材 |
| 690 | @aTH490.8@v5 | |
| 701 | 0 | @a张礼敬@Azhang li jing@4主编 |
| 701 | 0 | @a张明广@Azhang ming guang@4主编 |
| 801 | 0 | @aCN@b北京卓展@c20191020 |
| 905 | @b1198089-92@dTH490.8@e6@f4 | |
| 压力容器安全/主编张礼敬, 张明广.-北京:机械工业出版社,2012 |
| X, 293页:图;24cm.-(高等教育安全科学与工程类系列规划教材).-(高等院校安全工程类特色专业系列规划教材) |
| ISBN 978-7-111-39295-8:CNY36.00 |
| 本书介绍了压力容器的设计、制造、安装、检验等方面的技术知识及安全管理知识,并结合大量的压力容器事故实例,阐述了事故发生的原因及压力容器的失效机理,并对容器爆炸等连锁事故开展了定量风险评价。主要内容包括压力容器基础知识、压力容器应力分析、压力容器选材与设计、压力容器制造及检修、压力容器安全装置、压力容器失效形式及安全性分析、压力容器安全管理和压力容器破裂事故调查分析等。 |
| ● |
| 相关链接 |
|
|
|
|
正题名:压力容器安全
索取号:TH490.8/6
 
预约/预借
| 序号 | 登录号 | 条形码 | 馆藏地/架位号 | 状态 | 备注 |
| 1 | 1198089 | 211980891 | 第二样本阅览室/ [索取号:TH490.8/6] | 在馆 | |
| 2 | 1198090 | 211980908 | 第三借阅区/ [索取号:TH490.8/6] | 在馆 | |
| 3 | 1198091 | 211980917 | 第三借阅区/ [索取号:TH490.8/6] | 在馆 | |
| 4 | 1198092 | 211980926 | 第三借阅区/ [索取号:TH490.8/6] | 在馆 |